50 prénoms les plus donnés en 2025 - Statistiques

Statistiques générales
  • Ce quiz a été pris 649 fois
  • Le résultat moyen est 14 sur 50
Statistiques - réponses
Naissances Genre Prénoms % Correct
2 070 F Lou
73%
3 520 M Léo
62%
2 525 F Emma
55%
3 135 F Louise
52%
4 565 M Gabriel
51%
1 800 M Paul
48%
2 170 M Lucas
45%
2 110 F Anna
42%
3 030 M Jules
40%
2 980 M Maël
40%
3 260 M Noah
40%
3 615 M Raphaël
40%
3 060 F Jade
39%
1 995 M Mohamed
36%
1 895 F Eva
35%
1 720 F Léna
31%
2 200 F Alice
30%
1 710 M Hugo
30%
1 740 F Giulia
29%
1 940 F Lina
29%
2 815 F Ambre
28%
3 085 M Arthur
28%
2 175 M Noé
28%
2 660 F Alba
27%
1 635 F Jeanne
27%
2 625 M Léon
27%
2 420 F/M Sacha
26%
1 750 M Ethan
22%
2 090 F Mia
22%
2 025 M Gabin
21%
2 530 M Liam
21%
2 380 F Alma
20%
3 055 M Adam
18%
2 260 F Romy
18%
1 855 F Iris
17%
2 710 F/M Eden
16%
2 265 M Elio
16%
1 830 M Malo
16%
1 620 F Olivia
15%
1 845 F Agathe
14%
2 290 M Marceau
13%
1 695 M Naël
13%
1 975 F Adèle
12%
1 980 M Aaron
11%
1 810 F Elena
11%
2 010 F Inaya
10%
2 530 M Isaac
10%
1 720 F Noûr
6%
1 855 M Ayden
5%
1 855 M Imrân
2%
Aucun quiz correspondant
Distribution des résultats
% des personnes avec chaque résultat
Percentile par nombre de réponses
Votre historique - résultats
Vous n’avez pas pris ce quiz